| 000 | 00944nam a2200277 i 4500 | ||
|---|---|---|---|
| 003 | DO-SdBNP | ||
| 005 | 20230516134319.0 | ||
| 006 | a||||er|||| 00| 0 | ||
| 007 | ta | ||
| 008 | 230516e2022 dr |||e |||| 000 1dspa d | ||
| 020 | _a9789945936797 | ||
| 040 |
_aDO-SdBNP _bspa _cBNPHU _erda |
||
| 082 | 4 |
_222 _bV434e |
|
| 100 | 1 |
_982663 _aVelásquez, Elidenia _d1977- |
|
| 245 | 1 | 0 |
_aEspíritu de sangre./ _cElidenia Velásquez; prólogo, Esteban A. Torres Marte |
| 264 |
_aSanto Domingo : _bRío de Oro, _c2022 |
||
| 300 |
_a170, [XVIII], páginas : _c21 cm. |
||
| 336 |
_2rdaconten _atexto _btxt |
||
| 337 |
_2rdamedia _asin medición _bn |
||
| 338 |
_2rdacarreir _avolumen _bnc |
||
| 500 | _aIncluye datos biográficos de la autora en la solapa de la cubierta | ||
| 500 | _aIncluye bibliografía y notas en las páginas 29-32 | ||
| 590 | _aInventariado 2023 / MF | ||
| 700 | 1 |
_979232 _aTorres Marte, Esteban A. _eprólogo |
|
| 942 |
_2ddc _cLBS1 |
||
| 999 |
_c53538 _d53538 |
||